000 00207nam a22000857a 4500
008 170208b xxu||||| |||| 00| 0 eng d
100 _92809
_aBharat Scouts
245 _aPraver Scout
260 _aNew delhi
_bSB
_c2011
999 _c6024
_d6024